A közösségi média szerepe a fiatal felnőttek életében

Elmentve itt :
Bibliográfiai részletek
Szerző: Viczián Csilla
További közreműködők: Nádudvari Gabriella (Témavezető)
Dokumentumtípus: Szakdolgozat
Megjelent: 2017
Tárgyszavak:
Online Access:http://diploma.bibl.u-szeged.hu/71023
LEADER 00674nta a2200169 i 4500
001 dipl71023
005 20180727124246.0
008 180727s2017 hu om 0|| zxx d
040 |a SZTE Diploma Repozitórium  |b hun 
041 |a zxx 
100 1 |a Viczián Csilla 
245 1 2 |a A közösségi média szerepe a fiatal felnőttek életében  |h [elektronikus dokumentum] /  |c Csilla Viczián 
246 1 0 |a The role of social media in the life of young adults  |h [elektronikus dokumentum] 
260 |c 2017 
650 4 |a Pedagógusképzés 
700 1 |a Nádudvari Gabriella  |e ths 
856 4 0 |u http://diploma.bibl.u-szeged.hu/id/eprint/71023/1/2017_Viczi%C3%A1n_Csilla_VB8HB7_SZ.pdf  |z Dokumentum-elérés